Welcome to the Holygrace Academy Library

Please use search bar below to get started

OUTLIERS (Record no. 5110)

MARC details
000 -LEADER
fixed length control field 00274nam a22001217a 4500
082 ## - DEWEY DECIMAL CLASSIFICATION NUMBER
Classification number 158
Item number GLA/O
100 ## - MAIN ENTRY--AUTHOR NAME
Personal name GLADWELL,MALCOLM
245 ## - TITLE STATEMENT
Title OUTLIERS
Remainder of title THE STORY OF SUCCESS
260 ## - PUBLICATION, DISTRIBUTION, ETC. (IMPRINT)
Place of publication LONDON
Name of publisher PENGUIN BOOKS
300 ## - PHYSICAL DESCRIPTION
Number of Pages 310
650 ## - SUBJECT ADDED ENTRY--TOPICAL TERM
Topical Term STORY OF SUCCESS
Geographic subdivision UK
942 ## - ADDED ENTRY ELEMENTS (KOHA)
Koha item type Books
Holdings
Withdrawn status Lost status Collection code Home library Current library Shelving location Date acquired Source of acquisition Full call number Accession Number Koha item type
    Reference Main Library Main Library SHELF-17H-PERSONALITY DEVELOPMENT BOOKS 19/10/2012 PURCHASE 158 GLA/O 07025 Books